000 01100nam a2200193 a 4500
001 58279
005 20180714054826.0
008 140415s2003 xxu 000 0 eng d
020 _a0072456728
041 _aeng
082 _a658.4038
_bAPP
245 0 0 _aCORPORATE INFORMATION STRATEGY AND MANAGEMENT
250 _a6a ed.
260 _aESTADOS UNIDOS DE AMERICA :
_bMCGRAW-HILL COMPANIES, INC.,
_c2003
300 _a353
_c19 x 3 x 23.9
520 _aCORPORATE INFORMATION STRATEGY AND MANAGEMENT EXAMINES HOW INFORMATION TECHNOLOGY ENABLES ORGANIZATIONS TO CONDUCT BUSINESS IN RADICALLY DIFFERENT AND MORE EFFECTIVE WAYS. THE OBJECTIVE OF THIS BOOK IS TO PROVIDE READERS WITH A BETTER UNDERSTANDING OF THE INFLUENCE OF 21 ST-CENTURY TECHNOLOGIES ON BUSINESS DECISIONS.THE MATERIAL PRESENTED HERE IS THE OUTGROWTH OF FIELD -BASED RESEARCH WE HAVE CONDUCTED AT THE HARVARD BUSINESS SCHOOL SINCE THE EARLY 1970S .
650 1 4 _aTECNOLOGA DE LA INFORMACIN
_xADMINISTRACIN
_xTECNOLOGA DE LA INFORMACIN
700 1 _aAPPLEGATE, LYNDA M. -AUSTIN, ROBERT D. -MCFARLAN, F. WARREN
_ecoaut.
999 _c58279
_d58279